El sentido del pluralismo en la universidad

Đã lưu trong:
Chi tiết về thư mục
Những tác giả chính: Gandolfo Barón, Pedro (autor), Martínez, Xabier (Tác giả), Palloni, Alberto (Tác giả), Vergara, Carlos (Tác giả)
Định dạng: Sách
Ngôn ngữ:Tiếng Tây Ban Nha
Được phát hành: Valparaíso Ediciones Universitarias de Valparaíso 1971
Loạt:Cuestiones Universitarias, 4
Những chủ đề:
Các nhãn: Thêm thẻ
Không có thẻ, Là người đầu tiên thẻ bản ghi này!

MARC

LEADER 00000nam a2200000 a 4500
001 UCW6967
003 CL-VaPUC
008 920730e19710000CL |||||||||||||||||spa|d
082 0 4 |a 378  |b GAN  |2 21 
100 |a Gandolfo Barón, Pedro  |e autor  |9 312065 
700 0 |a Martínez, Xabier  |e author  |9 312066 
700 0 |a Palloni, Alberto  |e author  |9 312067 
700 0 |a Vergara, Carlos  |e author  |9 312068 
245 1 3 |a El sentido del pluralismo en la universidad 
300 |a 80 p 
942 |c BK 
945 |d 19920730 00:00:00 
260 |a Valparaíso  |b Ediciones Universitarias de Valparaíso  |c 1971 
650 0 |a Educación superior   |9 223851 
583 |a last modification  |c 19920730 00:00:00  |k Rodrigo Vera 
490 0 |a Cuestiones Universitarias, 4 
999 |c 219862  |d 219860 
952 |0 0  |1 0  |4 0  |6 378_000000000000000_GAN_1971  |7 0  |8 P  |9 211331  |a BIBEDU  |b BIBEDU  |c BIBEDU_PB  |d 2019-11-15  |i 2795310  |o 378 GAN 1971  |p 2795310  |r 2024-01-25  |w 2019-11-15  |y BK  |k EDU 
952 |0 0  |1 0  |4 0  |6 378_000000000000000_GAN_1971  |7 0  |8 P  |9 211332  |a BIBEDU  |b BIBEDU  |c BIBEDU_PB  |d 2019-11-15  |i 2795329  |o 378 GAN 1971  |p 2795329  |r 2024-01-25  |w 2019-11-15  |y BK  |k EDU 
952 |0 0  |1 0  |4 0  |6 378_000000000000000_GAN_1971  |7 0  |8 A  |9 211333  |a BIBENE  |b BIBENE  |d 2019-11-15  |i 1401092  |o 378 GAN 1971  |p 1401092  |r 2025-01-15  |w 2019-11-15  |y BK  |k ICO 
952 |0 0  |1 0  |4 0  |6 378_000000000000000_GAN_1971  |7 0  |8 A  |9 211334  |a BIBHIS  |b BIBHIS  |d 2019-11-15  |i 1387510  |o 378 GAN 1971  |p 1387510  |r 2025-01-20  |w 2019-11-15  |y BK  |k HIS